El crisol del cristianismo: advenimiento de una nueva era
Guardat en:
| Autors principals: | , , , , , , , , , , |
|---|---|
| Altres autors: | |
| Format: | Llibre |
| Idioma: | espanyol |
| Publicat: |
Barcelona
Labor
1971
|
| Matèries: | |
| Etiquetes: |
Afegir etiqueta
Sense etiquetes, Sigues el primer a etiquetar aquest registre!
|
MARC
| LEADER | 00000nam a2200000 a 4500 | ||
|---|---|---|---|
| 001 | UCP1879 | ||
| 003 | CL-VaPUC | ||
| 008 | 990426e19710000SP |||||||||||||||||spa|d | ||
| 082 | 0 | 4 | |a 209 |b SCH |2 21 |
| 100 | 0 | |a Schalit, Abraham |e author |9 428231 | |
| 700 | |a Toynbee, Arnold Joseph |e autor |9 315218 | ||
| 700 | 0 | |a Schubert, Kurt |e author |9 428232 | |
| 700 | 0 | |a Sherwin-White, A. Nicholas |e author |9 428233 | |
| 700 | 0 | |a Gagé, J.-G |e author |9 428234 | |
| 700 | 0 | |a Toynbee, Jocelyn M |e author |9 428235 | |
| 700 | 0 | |a Armstrong, A. Hilary |e author |9 428236 | |
| 700 | 0 | |a Flusser, David |e author |9 428237 | |
| 700 | 0 | |a Vermaseren, M. J |e author |9 428238 | |
| 700 | 0 | |a Daniélou, Jean |e author |9 428239 | |
| 700 | 0 | |a Wolfson, Harry A |e author |9 428240 | |
| 700 | 0 | |a Grant, Robert M |e author |9 428241 | |
| 245 | 1 | 3 | |a El crisol del cristianismo: advenimiento de una nueva era |
| 300 | |a 368 p | ||
| 942 | |c BK | ||
| 945 | |d 19990426 00:00:00 |a lriquelm | ||
| 260 | |a Barcelona |b Labor |c 1971 | ||
| 650 | 7 | |a CRISTIANISMO ORIGEN |2 CL-VaPUC |9 315867 | |
| 650 | 0 | |a Arte antiguo |9 330766 | |
| 650 | 7 | |a CIVILIZACION GRECO-ROMANA |2 CL-VaPUC |9 268177 | |
| 583 | |a last modification |c 19990426 00:00:00 |k Rodrigo Vera | ||
| 999 | |c 280510 |d 280508 | ||
| 952 | |0 0 |1 0 |4 0 |6 209_000000000000000_SCH_1971 |7 0 |8 X |9 320844 |a BIBHIS |b BIBHIS |d 2019-11-20 |i 1338919 |o 209 SCH 1971 |p 1338919 |r 2024-01-30 |w 2019-11-20 |y BK_X |k HIS | ||